| 000 | 00626nam a2200181Ia 4500 | ||
|---|---|---|---|
| 008 | 100920s9999 xx 000 0 und d | ||
| 082 |
_b91866 _a28 व 51 थ 66 |
||
| 100 | _aरानडे दा.पां. | ||
| 245 | _aप्रे.रूझवेल्ट. | ||
| 260 |
_bचित्रशाळा प्रकाशन.पुणे2. _c1966 |
||
| 300 |
_a58 _bसाधी |
||
| 365 | _b2 | ||
| 520 | _aबा. वि चरित्र. | ||
| 630 | _aप्रे.रूझवेल्ट. | ||
| 650 | _aबा. वि चरित्र. | ||
| 730 | _aप्रे.रूझवेल्ट. | ||
| 942 | _cBOOK | ||
| 999 |
_c732331 _d732328 |
||